[Event "WRW Progressive"]
[Site "Hailey, ID"]
[Date "2012.10.06"]
[Round "3.3"]
[White "Niro III, Frank A"]
[Black "Taylor, Shane"]
[Result "1-0"]
[WhiteElo "1700"]
[BlackElo "1381"]

{Game/60;d5} 1. e4 e5 2. Nf3 Nc6 3. Bb5 a6 4. Bxc6 dxc6 5. Nc3 Bd6 6. d4 exd4
7. Qxd4 f6 8. Be3 Bg4 9. O-O-O Qe7 10. Rd2 c5 11. Qd3 b5 12. Qd5 Rb8 13. Qc6+
Bd7 14. Qxa6 c6 15. Qa7 c4 16. Rhd1 {#r} 1-0

[Event "WRW Progressive"]
[Site "Hailey, ID"]
[Date "2012.10.06"]
[Round "4.4"]
[White "Taylor, Shane"]
[Black "Reidy, Matthew Carl"]
[Result "1-0"]
[WhiteElo "1381"]
[BlackElo "562"]

{Game/90;d5} 1. e4 d6 2. d4 g6 3. Nc3 Bg7 4. Bc4 e6 5. f4 Nc6 6. Nf3 Nh6 7.
Be3 O-O 8. Qd2 b6 9. O-O-O Qd7 10. h3 f5 11. exf5 Nxf5 12. Bf2 Bb7 13. g4
Nfxd4 14. Nxd4 Nxd4 15. Rhe1 Nf3 16. Qe2 Rae8 17. Bxe6+ Rxe6 18. Qxe6+ Qxe6
19. Rxe6 Bxc3 20. bxc3 Rxf4 21. Re7 Rc4 22. Bd4 Bd5 23. Bxb6 axb6 24. Rxd5
Rxc3 25. Rd3 Rxd3 26. cxd3 Ng5 27. h4 Nf3 28. h5 gxh5 29. gxh5 Ne5 30. Kc2 c6
31. h6 d5 32. Rxe5 b5 33. Rg5+ Kh8 34. Kc3 c5 35. Rxd5 c4 36. Rd8# 1-0

[Event "National Chess Day"]
[Site "Boise, ID"]
[Date "2012.10.13"]
[Round "2.1"]
[White "Taylor, Shane"]
[Black "Roland, Jeffrey T"]
[Result "1-0"]
[WhiteElo "1367"]
[BlackElo "1716"]

1. e4 e6 2. d4 d5 3. Be3 dxe4 4. f3 exf3 5. Nxf3 Nd7 6. Bd3 Ngf6 7. O-O Be7 8.
c4 c5 9. Nc3 cxd4 10. Bxd4 O-O 11. Qe2 a6 12. Rad1 Qc7 13. Ng5 h6 14. Nxe6 Qd6
15. Bxf6 Qxe6 16. Bxe7 Qxe2 17. Bxe2 Re8 18. Bd6 Nf6 19. Bf3 Bg4 20. Bxg4 Nxg4
21. Rfe1 Ne3 22. Rd4 Rad8 23. c5 Nc2 24. Rxe8+ Rxe8 25. Re4 {#r} 1-0

[Event "National Chess Day"]
[Site "Boise, ID"]
[Date "2012.10.13"]
[Round "3.1"]
[White "Gorman, Cody Austin"]
[Black "Taylor, Shane"]
[Result "1-0"]
[WhiteElo "1635"]
[BlackElo "1367"]

1. b3 d5 2. e3 Nf6 3. Bb2 Bf5 4. Nf3 e6 5. Nh4 Be4 6. d3 Bg6 7. Nd2 Bb4 8. a3
Bd6 9. Nxg6 hxg6 10. Nf3 Nbd7 11. g3 c6 12. Bg2 Qc7 13. Ng5 Ne5 14. O-O Rh5
15. f4 Neg4 16. Qe2 Nxh2 17. Rfe1 e5 18. Bh3 Rxh3 19. Nxh3 Nfg4 20. Nf2 O-O-O
21. Nxg4 exf4 22. exf4 Bxf4 23. gxf4 Qxf4 24. Nxh2 Rh8 25. Qg4+ {#r} 1-0

[Event "National Chess Day"]
[Site "Boise, ID"]
[Date "2012.10.13"]
[Round "5.1"]
[White "Niro III, Frank A"]
[Black "Taylor, Shane"]
[Result "1-0"]
[WhiteElo "1734"]
[BlackElo "1367"]

1. e4 c5 2. Nf3 d6 3. d4 cxd4 4. Nxd4 g6 5. c4 Bg7 6. Nc3 Nf6 7. Be2 O-O 8.
Be3 Nc6 9. Nxc6 bxc6 10. Qd2 Bh8 11. h3 c5 12. f4 Be6 13. g4 Rb8 14. Rc1 Qb6
15. f5 Bd7 16. b3 Bc6 17. Bd3 Qb7 18. Nd5 e6 19. Nxf6+ Bxf6 20. g5 Bxe4 21.
gxf6 Bxh1 22. Bd4 exf5 23. Qh6 Rfe8+ 24. Be3 Rxe3+ 25. Qxe3 Qd7 26. Kd2 Qe6
27. Rxh1 Qxf6 28. Re1 Qb2+ 29. Bc2 Qxa2 30. Qc3 Qa6 31. Bxf5 Qa2+ 32. Bc2 a5
33. Ra1 Rxb3 34. Rxa2 Rxc3 35. Kxc3 f5 36. Rxa5 Kf7 37. Ra7+ Kf6 38. Rxh7 g5
39. Rh6+ Ke5 40. Bxf5 Kxf5 41. Rxd6 {#r} 1-0

[Event "Idaho Closed"]
[Site "Twin Falls, ID"]
[Date "2013.02.16"]
[Round "1.1"]
[White "Taylor, Shane"]
[Black "Parsons, Larry R"]
[Result "0-1"]
[WhiteElo "1389"]
[BlackElo "2000"]

1. e4 g6 2. d4 d6 3. Nc3 Bg7 4. f4 Nf6 5. Nf3 O-O 6. e5 dxe5 7. fxe5 Nd5 8.
Bd3 c6 9. O-O Bg4 10. Qe1 Bxf3 11. Rxf3 Nxc3 12. bxc3 Na6 13. Bxa6 bxa6 14.
Ba3 Qd7 15. Qf1 Rab8 16. Qxa6 Rb5 17. Bc5 Bxe5 18. Raf1 Bc7 19. Qxa7 Ra5 20.
Qb7 {#R} 0-1

[Event "Idaho Closed"]
[Site "Twin Falls, ID"]
[Date "2013.02.17"]
[Round "3.9"]
[White "Taylor, Shane"]
[Black "Porth, Desmond"]
[Result "1-0"]
[WhiteElo "1389"]
[BlackElo "924"]

1. e4 e6 2. d4 d5 3. Be3 Nc6 4. e5 Bb4+ 5. c3 Ba5 6. b4 Bb6 7. a4 a5 8. b5 Na7
9. Bd3 c6 10. Ne2 Bd7 11. Na3 Ne7 12. g4 Qc7 13. c4 c5 14. f4 g6 15. Rc1 cxd4
16. Nxd4 Qc5 17. Nf5 Qb4+ 18. Ke2 Bxe3 19. Nd6+ Kf8 20. Nc2 Qxa4 21. Nxe3
Qxd1+ 22. Rhxd1 b6 23. cxd5 Nxd5 24. Nxd5 exd5 25. f5 g5 26. Rc7 Ke7 27. Nxf7
Kxf7 28. e6+ Kf6 29. Rxd7 h5 30. h3 Nc8 31. Rf7+ Ke5 32. Kf3 h4 33. Rg7 Kf6
34. Rg6+ Ke7 35. Re1 Nd6 36. f6+ Ke8 37. Rg7 a4 38. Bg6+ Kd8 39. e7+ Kc8 40.
Re6 {#r} 1-0

[Event "Idaho Closed"]
[Site "Twin Falls, ID"]
[Date "2013.02.17"]
[Round "4.7"]
[White "Taylor, Shane"]
[Black "Porth, Adam"]
[Result "1-0"]
[WhiteElo "1389"]
[BlackElo "1308"]

1. e4 e6 2. d4 d5 3. Be3 dxe4 4. f3 Nf6 5. c4 c5 6. Nc3 exf3 7. Nxf3 Nc6 8.
dxc5 Qa5 9. Qa4 Qxa4 10. Nxa4 Nb4 11. Kd1 Bd7 12. Nc3 Ng4 13. Bg1 Rd8 14. Kc1
Bc6 15. Ne1 Be7 16. h4 e5 17. a3 Na6 18. b4 Nc7 19. Be2 f5 20. Bxg4 fxg4 21.
b5 Bd7 22. Ne4 Be6 23. c6 bxc6 24. Bxa7 cxb5 25. Bb6 Rc8 26. c5 Na6 27. Nd3
Bf5 28. Re1 Bxe4 29. Rxe4 Nxc5 30. Nxc5 Bxc5 31. Rxe5+ Be7+ 32. Kb2 Kf7 33.
Rf1+ Bf6 34. Kb3 Rhe8 35. Rxe8 Rxe8 36. Rf5 Re5 37. Rxe5 Bxe5 38. Kb4 Bb2 39.
Bc5 Bxa3+ 40. Kxa3 Ke6 41. Kb4 Kf5 42. g3 g5 43. hxg5 Kxg5 44. Be7+ Kf5 45.
Bh4 h5 46. Kxb5 Ke5 47. Kc4 Ke4 48. Kc5 Ke5 49. Kc6 Ke6 50. Kc7 Kf7 51. Kd7
Kg6 52. Ke6 Kh6 53. Kf5 Kh7 54. Kg5 Kg7 55. Kxh5 Kh7 56. Kxg4 Kg6 57. Bd8 Kg7
58. Kg5 Kf7 59. Kh6 Kg8 60. Bf6 Kf7 61. Bc3 Ke6 62. g4 {#r} 1-0

[Event "Idaho Closed"]
[Site "Twin Falls, ID"]
[Date "2013.02.18"]
[Round "5.5"]
[White "Kircher, Caleb Paul"]
[Black "Taylor, Shane"]
[Result "1-0"]
[WhiteElo "1845"]
[BlackElo "1389"]

1. e4 e5 2. Nf3 Nc6 3. d4 exd4 4. Bc4 Nf6 5. e5 d5 6. Bb5 Ne4 7. Nxd4 Bd7 8.
Bxc6 bxc6 9. O-O c5 10. Nb3 Bf5 11. f3 Ng5 12. c3 c6 13. Be3 Ne6 14. g4 Bg6
15. f4 c4 16. Nd4 Bd3 17. Nxe6 fxe6 18. Rf2 g6 19. Nd2 Be7 20. Nf3 a6 21. Qa4
Qc8 22. Nd4 Kd7 23. Rd1 Rb8 24. Nf3 Rb6 25. Bxb6 Rf8 26. Be3 Kc7 27. Nd4 c5
28. Qc6+ Kb8 29. Qb6+ Qb7 30. Nc6+ Ka8 31. Qxb7+ Kxb7 32. Nxe7 Re8 33. Bxc5
{#r} 1-0

[Event "Meridian Invitational"]
[Site "Meridian, ID"]
[Date "2013.04.20"]
[Round "1"]
[White "Roland, Jeffrey T"]
[Black "Taylor, Shane"]
[Result "1/2-1/2"]
[WhiteElo "1701"]
[BlackElo "1370"]
[EventRounds "4"]
[EventCountry "USA"]

{Game/30; d5} 1. e4 c5 2. Nf3 Nc6 3. d4 cxd4 4. Nxd4 e6 5. Be3 Nf6 6. Bd3 a6
7. O-O Qc7 8. c3 Be7 9. f4 d6 10. h3 b5 11. Nxc6 Qxc6 12. e5 dxe5 13. fxe5 Bb7
14. Rf2 Ne4 15. Bxe4 Qxe4 16. Qf3 Qxf3 17. gxf3 Rd8 18. Nd2 Rd3 19. Nf1 Bh4
20. Rd2 Rd5 21. f4 O-O 22. Rad1 Rfd8 23. Bd4 Kf8 24. Kh2 Be7 25. Ne3 R5d7 26.
f5 Be4 27. fxe6 fxe6 28. Rf2+ Kg8 29. Rdf1 Rf8 30. Rf4 Rxf4 31. Rxf4 Bg6 32.
Kg3 Bg5 33. Rf3 Be4 34. Rf2 Rf7 35. Rxf7 Kxf7 36. h4 Be7 37. Kf4 Bc6 38. Kg4
Bb7 {#d} 1/2-1/2

[Event "Meridian Invitational"]
[Site "Meridian, ID"]
[Date "2013.04.20"]
[Round "2"]
[White "Taylor, Shane"]
[Black "Lundy III, George W"]
[Result "1/2-1/2"]
[WhiteElo "1370"]
[BlackElo "1611"]
[EventRounds "4"]
[EventCountry "USA"]

{Game/30; d5} 1. e4 e5 2. Nf3 Nc6 3. Bc4 Be7 4. O-O Nf6 5. Re1 O-O 6. c3 d6 7.
d4 Bg4 8. d5 Nb8 9. Qd3 Nbd7 10. b4 a6 11. a4 Nb6 12. Bb3 a5 13. bxa5 Rxa5 14.
Bd2 Nbd7 15. c4 Nc5 16. Qc2 Nxb3 17. Qxb3 Ra7 18. Be3 b6 19. Nbd2 Bxf3 20.
Nxf3 Nd7 21. a5 Qa8 22. Qb5 Nc5 23. Bxc5 bxc5 24. Reb1 Rc8 25. a6 h6 26. Nd2
Bg5 27. Nf3 Bf6 28. Qc6 Kh7 29. Rb7 Kg6 30. Rxa7 Qxa7 31. Qb7 Ra8 32. Nd2 Bg5
33. Nb3 Bf6 34. Kf1 {#d} 1/2-1/2

[Event "Meridian Invitational"]
[Site "Meridian, ID"]
[Date "2013.04.20"]
[Round "3"]
[White "Machin, Alex James"]
[Black "Taylor, Shane"]
[Result "0-1"]
[WhiteElo "1666"]
[BlackElo "1370"]
[EventRounds "4"]
[EventCountry "USA"]

{Game/30; d5} 1. Na3 a6 2. c4 Nf6 3. g3 e5 4. Nc2 Bc5 5. Bg2 c6 6. e4 b5 7. b3
bxc4 8. bxc4 Qb6 9. Qe2 d6 10. h3 a5 11. d3 Na6 12. Nf3 Rb8 13. O-O Nh5 14.
Kh2 g6 15. Be3 O-O 16. Bh6 Re8 17. Ne3 Ng7 18. Rab1 Qxb1 19. Ng4 Qb7 20. Nf6+
Kh8 { Time Forfeit} {#R} 0-1

[Event "Meridian Invitational"]
[Site "Meridian, ID"]
[Date "2013.04.20"]
[Round "4"]
[White "Hamilton, Brett B"]
[Black "Taylor, Shane"]
[Result "1-0"]
[WhiteElo "1757"]
[BlackElo "1370"]
[EventRounds "4"]
[EventCountry "USA"]

{Game/30; d5} 1. d4 Nf6 2. c4 c5 3. d5 h6 4. Nc3 g5 5. e4 d6 6. Bd3 Bg7 7. f4
Bg4 8. Qa4+ Nbd7 9. fxg5 hxg5 10. Bxg5 Nh5 11. Nf3 Bxf3 12. gxf3 Be5 13. O-O-O
Nf4 14. Ne2 Qb6 15. Qc2 Nxd3+ 16. Rxd3 Rxh2 17. Rxh2 Bxh2 18. f4 e5 19. Rh3
Bxf4+ 20. Nxf4 exf4 21. Rh8+ Nf8 22. Qa4+ {#r} 1-0

[Event "WIO (Open)"]
[Site "Boise, ID"]
[Date "2013.12.14"]
[Round "1.1"]
[White "Taylor, Shane"]
[Black "Kircher, Caleb Paul"]
[Result "0-1"]
[WhiteElo "1454"]
[BlackElo "1909"]
[EventRounds "5"]
[EventCountry "USA"]

1. f4 d5 2. Nf3 g6 3. c3 Bg7 4. g3 Nf6 5. Bg2 O-O 6. O-O c6 7. Qb3 b6 8. d3
Nbd7 9. Ne5 Bb7 10. e4 Nc5 11. Qc2 e6 12. Nd2 dxe4 13. dxe4 Qc7 14. b4 Ncd7
15. Nxd7 Nxd7 16. e5 c5 17. b5 Bxg2 18. Kxg2 c4 19. Ba3 Rfc8 20. Ne4 Bf8 21.
Bxf8 Rxf8 22. Nd6 f6 23. Qe4 Rad8 24. Nxc4 fxe5 25. Nxe5 Nxe5 26. Qxe5 Rd2+
27. Kg1 Qxe5 28. fxe5 Rxf1+ 29. Kxf1 Rxh2 30. a4 Rh1+ {#R} 0-1

[Event "WIO (Open)"]
[Site "Boise, ID"]
[Date "2013.12.14"]
[Round "2.5"]
[White "Hamilton, Brett B"]
[Black "Taylor, Shane"]
[Result "1/2-1/2"]
[WhiteElo "1700"]
[BlackElo "1454"]
[EventRounds "5"]
[EventCountry "USA"]

1. d4 Nf6 2. c4 c5 3. d5 e6 4. Nc3 exd5 5. Nxd5 g6 6. Bg5 Bg7 7. e4 d6 8. Nf3
O-O 9. Bd3 Be6 10. O-O Bxd5 11. exd5 Nbd7 12. Re1 a6 13. Qd2 Bh8 14. Qf4 Qb6
15. Qd2 Rfe8 16. h3 Ne5 17. Nxe5 dxe5 18. Rab1 Nd7 19. b4 Qd6 20. Be3 b6 21.
bxc5 Nxc5 22. Qb4 Rab8 23. Bxc5 bxc5 24. Qd2 f5 25. Rxb8 Rxb8 26. Rb1 e4 27.
Bc2 Bd4 28. Rxb8+ Qxb8 29. Bb3 f4 30. Kh1 f3 31. gxf3 exf3 32. Bd1 Qc8 33. Qh6
Qf5 34. Qh4 Bf6 35. Qg4 Qxg4 36. hxg4 Kf7 37. Bxf3 g5 38. Be4 h6 39. Bf5 Be5
40. Kg2 Ke7 41. Kf3 Kd6 42. Ke4 Bf4 43. Bc8 a5 44. a4 Ke7 45. Kf5 Kf7 46. Be6+
Kg7 47. d6 Bxd6 48. Ke4 Kf6 49. Kd5 Be5 50. Bf5 Bd4 51. f3 Be3 52. Bc8 Bf2 53.
Kc6 Ke5 54. Kb5 Kd4 55. Bb7 Be1 {#d} 1/2-1/2

[Event "WIO (Open)"]
[Site "Boise, ID"]
[Date "2013.12.14"]
[Round "3.6"]
[White "Taylor, Shane"]
[Black "Booth, Tom R"]
[Result "0-1"]
[WhiteElo "1454"]
[BlackElo "1599"]
[EventRounds "5"]
[EventCountry "USA"]

1. e4 e6 2. d4 d5 3. Nc3 Nf6 4. Bg5 Be7 5. e5 Nfd7 6. h4 Bxg5 7. hxg5 Qxg5 8.
Qd3 Qg6 9. Qxg6 fxg6 10. Bd3 O-O 11. Nf3 Nc6 12. Nb5 Nb6 13. O-O-O Nb4 14.
Nxc7 Nxd3+ 15. Rxd3 Rb8 16. g4 Bd7 17. Nxe6 Bxe6 18. Ng5 Bxg4 19. Rxh7 Rxf2
20. b3 Rc8 21. Rd2 Rxd2 22. Kxd2 Bf5 23. c3 Re8 24. a4 a5 25. Rh1 Na8 26. Nf3
Be4 27. Ke3 Rf8 28. Rh3 Rxf3+ 29. Rxf3 Bxf3 30. Kxf3 Nc7 31. c4 dxc4 32. bxc4
Ne6 33. d5 Nc5 34. d6 Kf7 35. Ke3 Ke6 36. Kd4 b6 {#R} 0-1

[Event "WIO (Open)"]
[Site "Boise, ID"]
[Date "2013.12.15"]
[Round "4.6"]
[White "Taylor, Shane"]
[Black "Longhurst, Corey Kenneth"]
[Result "1-0"]
[WhiteElo "1454"]
[BlackElo "1493"]
[EventRounds "5"]
[EventCountry "USA"]

1. e4 c5 2. d4 cxd4 3. c3 dxc3 4. Nxc3 e6 5. Nf3 Nc6 6. Bc4 Qc7 7. Qe2 a6 8.
O-O b5 9. Bb3 Be7 10. Rd1 Bb7 11. Nd5 Qd8 12. Bf4 exd5 13. exd5 Na5 14. d6
Bxf3 15. Qxf3 Bf6 16. Bd5 Rc8 17. Re1+ Kf8 18. g4 h6 19. h4 Rc5 20. g5 Bxb2
21. Rab1 Rc3 22. Be3 Qe8 23. Rxb2 f6 24. Qf4 Qg6 25. Bd2 hxg5 26. hxg5 Rc5 27.
Be4 Qh5 28. Bxa5 Rc4 29. f3 Qh1+ 30. Kf2 Rh2+ 31. Ke3 Qxe1+ 32. Bxe1 Rxb2 33.
Qf5 Rxa2 34. g6 Ke8 35. Qd5 Nh6 36. Qa8+ {#r} 1-0

[Event "WIO (Open)"]
[Site "Boise, ID"]
[Date "2013.12.15"]
[Round "5.5"]
[White "Stinar, Jacob"]
[Black "Taylor, Shane"]
[Result "1/2-1/2"]
[WhiteElo "1627"]
[BlackElo "1454"]
[EventRounds "5"]
[EventCountry "USA"]

1. c4 Nf6 2. Nc3 g6 3. d4 Bg7 4. Nf3 O-O 5. e4 d6 6. Be2 e5 7. O-O Nc6 8. d5
Ne7 9. Be3 Ne8 10. Qd2 f5 11. Ng5 f4 12. Bxf4 Rxf4 13. h3 Bh6 14. Ne6 Bxe6 15.
dxe6 Nf6 16. Qc2 Ne8 17. c5 Nc6 18. Qb3 Qe7 19. Qxb7 Nd4 20. Qxa8 Qxe6 21. Bc4
Qxc4 22. Qxe8+ Rf8 23. Qe7 Qxc5 24. Nd5 Rf7 25. Nf6+ Kg7 26. Ne8+ Kg8 27. Nf6+
Kg7 28. Ne8+ {#d} 1/2-1/2

[Event "Mountain Home Open"]
[Site "Mountain Home, ID"]
[Date "2014.01.11"]
[Round "1.3"]
[White "Porth, Darwin"]
[Black "Taylor, Shane"]
[Result "0-1"]
[WhiteElo "1000"]
[BlackElo "1374"]
[EventRounds "4"]
[EventCountry "USA"]

1. e4 e5 2. d3 Nc6 3. Nf3 g6 4. Bg5 Be7 5. h4 d6 6. Be2 Nd4 7. Nxd4 exd4 8.
Qd2 h6 9. Bf4 Be6 10. c3 c5 11. cxd4 cxd4 12. Qb4 Qb6 13. Qxb6 axb6 14. b3
Bxb3 15. Be5 dxe5 16. O-O Rxa2 17. Nc3 dxc3 18. Rab1 Rxe2 19. Rxb3 c2 20. Rxb6
Bc5 21. Rxb7 Rxf2 22. Rxf2 c1=Q+ 23. Kh2 Bxf2 24. Rb8+ Kd7 25. Rb7+ Kc6 26.
Rb4 Qf4+ 27. Kh3 Qxh4# 0-1

[Event "Mountain Home Open"]
[Site "Mountain Home, ID"]
[Date "2014.01.11"]
[Round "2.1"]
[White "Taylor, Shane"]
[Black "Bartell, Fred"]
[Result "1-0"]
[WhiteElo "1374"]
[BlackElo "1772"]
[EventRounds "4"]
[EventCountry "USA"]

1. e4 e6 2. d4 d5 3. Nc3 Bb4 4. e5 Bd7 5. Qg4 g6 6. a3 Be7 7. h4 h5 8. Qf4 Nh6
9. Nf3 Nf5 10. Bd3 Nc6 11. Bxf5 gxf5 12. Rh3 Bf8 13. Rg3 Bh6 14. Ng5 f6 15.
Qf3 Bxg5 16. hxg5 fxe5 17. g6 Nxd4 18. Qd1 Qf6 19. g7 Rg8 20. Bg5 Qf7 21. Bh4
f4 22. Rg5 Nf5 23. Qxh5 Qxh5 24. Rxh5 Nxh4 25. Rxh4 Kf7 26. O-O-O Rxg7 {(Time
Forfeit)} {#r} 1-0

[Event "Mountain Home Open"]
[Site "Mountain Home, ID"]
[Date "2014.01.11"]
[Round "3.2"]
[White "Roland, Jeffrey T"]
[Black "Taylor, Shane"]
[Result "0-1"]
[WhiteElo "1690"]
[BlackElo "1374"]
[EventRounds "4"]
[EventCountry "USA"]

1. d4 Nf6 2. Nf3 e6 3. g3 c5 4. Bg2 Nc6 5. O-O Qb6 6. c3 c4 7. Re1 Be7 8. Nbd2
d5 9. e4 Nd7 10. exd5 exd5 11. Ng5 O-O 12. Rxe7 Nxe7 13. Qe2 Qf6 14. Ngf3 Nb6
15. Nf1 Bf5 16. Bg5 Qc6 17. Qxe7 Rfe8 18. Ne5 Qe6 19. Qxe6 Rxe6 20. Ne3 f6 21.
Nxd5 fxe5 22. Nc7 exd4 23. cxd4 Rb8 24. Nxe6 Bxe6 25. Bf4 Rd8 26. Bc7 Rxd4 27.
Bxb6 axb6 28. Bxb7 Rd2 29. Be4 Rxb2 30. Rb1 c3 31. Rxb2 cxb2 32. f4 Bxa2 33.
Kf2 b1=Q 34. Bxb1 Bxb1 35. Ke3 Kf7 36. Kd4 Ke6 37. Kc4 Kf5 {#R} 0-1

[Event "Mountain Home Open"]
[Site "Mountain Home, ID"]
[Date "2014.01.11"]
[Round "4.1"]
[White "Taylor, Shane"]
[Black "Eacker, Barry D"]
[Result "1-0"]
[WhiteElo "1374"]
[BlackElo "1634"]
[EventRounds "4"]
[EventCountry "USA"]

1. e4 e6 2. d4 d5 3. Nc3 Bb4 4. e5 c5 5. a3 Bxc3+ 6. bxc3 Qa5 7. Bd2 Qa4 8.
Be3 c4 9. Qg4 Ne7 10. Qxg7 Rg8 11. Qxh7 Nbc6 12. Nf3 Rg6 13. Kd2 Bd7 14. Ng5
Nd8 15. Be2 Kf8 16. Bh5 Rg7 17. Qh8+ Rg8 18. Nh7+ Ke8 19. Nf6+ Kf8 20. Bh6#
1-0

[Event "BCC #5"]
[Site "Boise, ID"]
[Date "2014.11.22"]
[Round "2.2"]
[White "Taylor, Shane"]
[Black "Buus, Jarod N"]
[Result "0-1"]
[WhiteElo "1473"]
[BlackElo "1633"]
[EventRounds "4"]
[EventCountry "USA"]

1. e3 c5 2. b3 Nf6 3. Bb2 e6 4. Nf3 d5 5. d4 Nc6 6. Bd3 Nb4 7. Be2 b6 8. O-O
Qc7 9. Na3 Bb7 10. dxc5 Bxc5 11. Be5 Qe7 12. Nb5 O-O 13. Bg3 Ne4 14. Bh4 g5
15. a3 Nc6 16. b4 gxh4 17. bxc5 bxc5 18. Nd2 a6 19. Nxe4 axb5 20. Nd2 b4 21.
a4 Ba6 22. Bxa6 Rxa6 23. f4 Rfa8 24. c4 bxc3 25. Qg4+ Kh8 26. Nf3 Rxa4 27.
Rac1 d4 28. e4 c4 29. Ng5 Rg8 30. Qxh4 Rg7 31. f5 Qxg5 32. Qh3 Ra2 33. g3 Ne5
34. fxe6 fxe6 35. Qxe6 Qe3+ 36. Kh1 Rxh2+ {#R} 0-1

[Event "BCC #5"]
[Site "Boise, ID"]
[Date "2014.11.22"]
[Round "3.6"]
[White "Siek, Justin"]
[Black "Taylor, Shane"]
[Result "0-1"]
[WhiteElo "925"]
[BlackElo "1473"]
[EventRounds "4"]
[EventCountry "USA"]

1. e4 e6 2. d4 b6 3. Nc3 Bb7 4. Bd3 d5 5. e5 c5 6. Nf3 Nd7 7. Be3 Ne7 8. O-O
cxd4 9. Nxd4 Nxe5 10. Bf4 Nxd3 11. cxd3 Ng6 12. Bg3 Be7 13. Re1 O-O 14. Rc1
Bd6 15. Bxd6 Qxd6 16. Ncb5 Qf4 17. Qf3 e5 18. Qxf4 Nxf4 19. Re3 exd4 20. Nxd4
Rfe8 21. Rce1 Kf8 22. Rxe8+ Rxe8 23. Rxe8+ Kxe8 24. g3 Nxd3 25. b3 Nb4 26. a3
Nc6 27. Ne2 d4 28. Kf1 Ba6 29. Ke1 Bxe2 30. Kxe2 Ke7 31. Kd3 Ke6 32. f4 h6 33.
b4 a6 34. g4 g5 35. f5+ Ke5 36. h3 Kf4 37. a4 b5 38. axb5 axb5 39. Kd2 Nxb4
40. Ke2 d3+ 41. Kd2 Kf3 42. f6 Kf2 43. Kd1 Ke3 44. Ke1 d2+ 45. Kd1 Nd5 46. h4
gxh4 47. Kc2 Ke2 48. Kb3 d1=Q+ 49. Kb2 b4 50. Ka2 Qc2+ 51. Ka1 b3 52. g5 Qa2#
0-1

[Event "BCC #5"]
[Site "Boise, ID"]
[Date "2014.11.22"]
[Round "4.4"]
[White "Taylor, Shane"]
[Black "Longhurst, Corey Kenneth"]
[Result "0-1"]
[WhiteElo "1473"]
[BlackElo "1410"]
[EventRounds "4"]
[EventCountry "USA"]

1. e3 e5 2. b3 d5 3. Bb2 Bd6 4. d4 e4 5. c4 c6 6. Ne2 Nf6 7. f3 exf3 8. gxf3
Nh5 9. h4 Ng3 10. Nxg3 Bxg3+ 11. Kd2 Bxh4 12. f4 Bf5 13. Qh5 Bxb1 14. Rxb1 Bf6
15. Bd3 g6 16. Qh6 Qa5+ 17. Bc3 Qc7 18. f5 Nd7 19. fxg6 hxg6 20. Qxh8+ Bxh8
21. Rxh8+ Nf8 22. Bb4 O-O-O 23. Bxf8 f5 24. cxd5 Qf7 25. Rc1 Rxf8 26. Rxf8+
Qxf8 27. dxc6 g5 28. cxb7+ Kxb7 29. Rc5 f4 30. Rxg5 fxe3+ 31. Kxe3 Qh6 32. Kf4
Qh4+ 33. Rg4 Qh2+ 34. Kf5 Qh5+ 35. Kf4 Qh2+ 36. Ke4 Qh1+ 37. Kf4 Qh2+ 38. Kf3
Qh3+ 39. Rg3 Qh1+ 40. Ke3 Qe1+ 41. Kf4 Qf2+ 42. Rf3 Qxd4+ 43. Be4+ Kb6 44. a4
a5 45. Rd3 Qf2+ 46. Ke5 Qc5+ 47. Bd5 Qe7+ 48. Kd4 Qf6+ 49. Ke3 Kc5 50. Bc4
Qe5+ 51. Kf3 Qf6+ 52. Ke4 Qh4+ 53. Kf5 Qf2+ 54. Ke6 Qe2+ 55. Kd7 Qg4+ 56. Kc7
Qf4+ 57. Kb7 Kb4 58. Rd5 Qe4 59. Kb6 Qe6+ 60. Kc7 Qe7+ 61. Rd7 Qc5+ 62. Kb8
Qe5+ 63. Rc7 Qe8+ 64. Ka7 Qe3+ 65. Ka6 Qh6+ 66. Kb7 Qh1+ 67. Kc8 Qh3+ 68. Kd8
Qh4+ 69. Kd7 Qg4+ 70. Be6 Qd4+ 71. Ke7 Qg7+ 72. Kd6 Qd4+ 73. Bd5 Qb6+ 74. Rc6
Qd8+ 75. Ke5 Ka3 76. Rc5 Qb6 77. Rb5 Qc7+ 78. Kd4 Qa7+ 79. Kd3 Qa6 80. Be4
Qd6+ 81. Kc3 Qc7+ 82. Kd4 Qa7+ 83. Ke5 Qc7+ 84. Kf5 Qa7 85. Bb7 Qf2+ 86. Ke6
Qd2 87. Bd5 Qe3+ 88. Kd6 Qd2 89. Kc7 Qc3+ 90. Kb6 Qd4+ 91. Kxa5 Qa7# 0-1

[Event "Western Idaho Open"]
[Site "Boise, ID"]
[Date "2014.12.13"]
[Round "1.103"]
[White "Taylor, Shane"]
[Black "Pitre, H G."]
[Result "0-1"]
[WhiteElo "1473"]
[BlackElo "1879"]
[EventRounds "5"]
[EventCountry "USA"]

1. e4 c5 2. d4 cxd4 3. c3 dxc3 4. Nxc3 Nc6 5. Nf3 d6 6. Bc4 Nf6 7. O-O e6 8.
Qe2 Be7 9. Rd1 O-O 10. e5 Ne8 11. exd6 Nxd6 12. Bf4 e5 13. Nxe5 Nxe5 14. Bxe5
Qc7 15. Rxd6 Bxd6 16. Nb5 Bxe5 17. Nxc7 Bxc7 18. Qe7 Bb6 19. Re1 Be6 20. Bxe6
fxe6 21. Qxe6+ Kh8 22. Re2 Rac8 23. g3 Rc6 24. Qe7 Rcf6 25. Qxb7 Bxf2+ 26. Kg2
Bb6 27. b4 h6 28. Kh3 Rg8 29. a4 Bg1 30. Qg2 Bb6 31. a5 Bd4 32. Re4 Rd8 33.
Qe2 Rfd6 34. Qc2 Rf8 35. Qc7 Rdd8 36. Qc4 Bf6 37. Rf4 Rc8 38. Qa6 Rc7 39. Qd6
Rcf7 40. Rc4 Rd8 41. Qf4 Rfd7 42. Rc7 Rd4 43. Qc1 Rxb4 44. Rxa7 g5 45. Qc2 g4+
46. Kg2 Rb2 47. Qxb2 Bxb2 48. Rb7 Rd2+ 49. Kh1 Bd4 50. a6 Rd1+ {#R} 0-1

[Event "Western Idaho Open"]
[Site "Boise, ID"]
[Date "2014.12.13"]
[Round "2.108"]
[White "Faulkner, Graeme K"]
[Black "Taylor, Shane"]
[Result "1-0"]
[WhiteElo "1329"]
[BlackElo "1473"]
[EventRounds "5"]
[EventCountry "USA"]

1. e4 d6 2. Bc4 Nf6 3. Nc3 g6 4. d3 Bg7 5. h3 O-O 6. Nf3 Be6 7. Bxe6 fxe6 8.
O-O e5 9. Bg5 Qd7 10. Qd2 Rf7 11. Rad1 c5 12. Ne2 Nc6 13. Bh6 Bh8 14. Ng5 Nh5
15. Nxf7 Kxf7 16. f4 Kg8 17. f5 Bf6 18. fxg6 hxg6 19. Rf3 Kh7 20. Rdf1 Nd8 21.
Bg5 Bg7 22. g4 Nf6 23. Bxf6 exf6 24. g5 fxg5 25. Qxg5 Qe6 26. Nc3 Bh6 27. Qh4
Kg7 28. Nd5 Rc8 29. Rf6 Qd7 30. Qg3 g5 31. h4 Ne6 32. Qg4 Re8 33. Qf5 {#r} 1-0

[Event "Western Idaho Open"]
[Site "Boise, ID"]
[Date "2014.12.13"]
[Round "3.108"]
[White "Taylor, Shane"]
[Black "Sanderson, Kenneth"]
[Result "1-0"]
[WhiteElo "1473"]
[BlackElo "1577"]
[EventRounds "5"]
[EventCountry "USA"]

1. e4 c5 2. d4 cxd4 3. c3 Nf6 4. Qxd4 e6 5. Bc4 Nc6 6. Qe3 Be7 7. Nf3 Na5 8.
Bd3 b6 9. O-O Bb7 10. Rd1 Qc7 11. b4 Nc6 12. Na3 Ng4 13. Qe2 Nce5 14. Bf4 Qxc3
15. Nb5 Nxf3+ 16. Qxf3 Ne5 17. Nxc3 Nxf3+ 18. gxf3 Bxb4 19. Nb5 Ke7 20. Kh1 f6
21. h4 a6 22. Rg1 Rhg8 23. Nc7 Rac8 24. Nxa6 Bxa6 25. Bxa6 Ra8 26. Bb5 e5 27.
Be3 Bc5 28. Bxc5+ bxc5 29. Bc4 Rh8 30. Rxg7+ Kd8 31. Rd1 Ra7 32. Be6 {#r} 1-0